| 000 | 00363nam a2200145Ia 4500 | ||
|---|---|---|---|
| 008 | 240624s9999 xx 000 0 und d | ||
| 041 | _aeng | ||
| 082 | _a658.4012 WIT | ||
| 100 | _aWIT BOB DE | ||
| 245 | _aSTRATEGY SYNTHESIS RESOLVING STRATEGY PA | ||
| 250 | _a(3rd ed.) | ||
| 260 |
_c2010 _aEMEA,2010 |
||
| 300 | _axxii, : 490 : p. : cm ; 21 | ||
| 365 |
_c _b25 |
||
| 999 |
_c19154 _d19154 |
||